Tratado de obstetricia y ginecología / (Record no. 146192)

MARC details
000 -LEADER
campo de control de longitud fija 00671nam a2200193 i 4500
001 - NÚMERO DE CONTROL
campo de control 146192
003 - IDENTIFICADOR DE NÚMERO DE CONTROL
campo de control ES-MaACL
007 - CAMPO FIJO DE DESCRIPCIÓN FÍSICA--INFORMACIÓN GENERAL
campo de control de longitud fija t|
008 - DATOS DE LONGITUD FIJA--INFORMACIÓN GENERAL
campo de control de longitud fija 070904s1986 mx ||||1| spa d
020 ## - NÚMERO INTERNACIONAL ESTÁNDAR DEL LIBRO
Número Internacional Estándar del Libro 84-7605-349-5
245 00 - MENCIÓN DEL TÍTULO
Título Tratado de obstetricia y ginecología /
Mención de responsabilidad, etc. editado por David N. Danforth ; versión española dirigida y supervisada por Pedro de la Fuente Pérez.
250 ## - MENCION DE EDICION
Mención de edición 4ª ed.
260 ## - PUBLICACIÓN, DISTRIBUCIÓN, ETC.
Lugar de publicación, distribución, etc. México ; Madrid [etc] :
Nombre del editor, distribuidor, etc. Interamerican,
Fecha de publicación, distribución, etc. 1986.
300 ## - DESCRIPCIÓN FÍSICA
Extensión XXVIII, 1287 p. :
Otras características físicas il ;
Dimensiones 26 cm.
505 8# - NOTA DE CONTENIDO CON FORMATO
Nota de contenido con formato Bibliografía. Indice
700 1# - ENTRADA AGREGADA--NOMBRE PERSONAL
Nombre de persona Danforth, David N.
9 (RLIN) 42615
700 1# - ENTRADA AGREGADA--NOMBRE PERSONAL
Nombre de persona Fuente Pérez, Pedro de la.
9 (RLIN) 52874
852 ## - LOCALIZACIÓN
Ubicación ES-MaACL
Número de control de estantería B-99
Sublocalización o colección R.114320
Holdings
Estatus retirado Estado de pérdida Estado de daño No para préstamo Biblioteca de origen Biblioteca actual Ubicación en estantería Fecha de adquisición Fuente de adquisición Total de préstamos Signatura topográfica completa Código de barras Visto por última vez Precio de reemplazo Tipo de ítem Koha
        Biblioteca del Ateneo de Madrid Biblioteca del Ateneo de Madrid Sala Pardo Bazán 17/01/2008     B-99 1152588 23/02/2023 23/02/2023 Libro impreso